| 000 | 00575nam a2200145Ia 4500 | ||
|---|---|---|---|
| 008 | 151213s9999 xx 000 0 und d | ||
| 100 | _aমো: শামসুল কবির খান। | ||
| 245 |
_aবাংলাদেশ অথনীতি। _cমো: শামসুল কবির খান। |
||
| 250 | _a৩য় সং | ||
| 260 |
_aঢাকা _bবাংলাদেশ বিশ. মঞ্জুরী কমিশন। _c2004 |
||
| 300 | _a1909 p. | ||
| 650 | _aBangla | ||
| 700 | _aমো: শামসুল কবির খান। | ||
| 999 |
_c1412 _d1412 |
||